| 000 | 00996nam a2200289 i 4500 | ||
|---|---|---|---|
| 001 | 196608 | ||
| 003 | ES-MaACL | ||
| 005 | 20241019063107.0 | ||
| 007 | ta | ||
| 008 | 241010b1984 sp ||||| |||| 00| 0 spa d | ||
| 040 |
_bspa _cES-MaACL _dES-MaACL |
||
| 100 |
_9239121 _ala Lombana y Mijancos, Luis-Carlos de _eaut |
||
| 245 |
_aSolo un poema / _cLuis-Carlos de La Lombana y Mijancos |
||
| 260 |
_a[Madrid : _bs.n.], _c1984. |
||
| 300 |
_a[2] p.; _c25 cm |
||
| 336 |
_2rdacontent _atexto |
||
| 337 |
_2rdamedia _asin mediación |
||
| 338 |
_2rdacarrier _avolumen |
||
| 600 | 1 | 4 |
_944545 _aDiego, Gerardo, _d1896-1987 |
| 655 | 7 |
_2tgfbne _9176539 _aPoesÃas |
|
| 852 |
_aES-MaACL _cDEPOF _jFOLL-BUE-63 _hLegado: Antonio Buero Vallejo _9204323 |
||
| 903 |
_932421 _aBuero Vallejo, Antonio, _q1 _d1916-2000 _ednr |
||
| 942 |
_n0 _cFOLLETOS |
||
| 999 |
_c196608 _d196608 |
||